|
|
|
|
| LEADER |
00000nab a2200000 ar4500 |
| 001 |
vtls010517154 |
| 003 |
SK-MaSNL |
| 005 |
20260305003248.0 |
| 008 |
130606c20130426xo mr|p|||||||000 b|slo |
| 038 |
|
|
|a SNSK
|
| 040 |
|
|
|b slo
|c SNSK
|e AACR2
|
| 041 |
|
|
|a slo
|
| 044 |
|
|
|a xo
|c SK
|
| 080 |
|
|
|a 673.5
|x (437.672.121.142)
|2 2001
|
| 080 |
|
|
|a 94
|x "04/14"
|x (437.6)
|2 2001
|
| 080 |
|
|
|a 159.947.5
|2 2001
|
| 100 |
1 |
|
|a Kovář, Zdeněk
|4 aut
|9 266642
|
| 245 |
1 |
0 |
|a Zvon splní všetky želania
|b do Spišskej Novej Vsi sa vrátil 530-ročný klenot
|c Zdeněk Kovář
|
| 300 |
|
|
|b Fotogr.
|
| 650 |
0 |
7 |
|a zvony
|2 snsk
|9 1956
|
| 650 |
0 |
7 |
|a stredovek
|2 snsk
|9 4259
|
| 650 |
0 |
7 |
|a historické pamiatky
|2 snsk
|9 75346
|
| 650 |
0 |
7 |
|a želania
|2 snsk
|9 485907
|
| 651 |
|
7 |
|a Spišská Nová Ves (Slovensko)
|2 snsk
|9 28800
|
| 773 |
0 |
|
|t Nový Čas
|g Roč. 23, č. 97 (26.4.2013), s. 9
|x 1335-4655
|
| 852 |
|
|
|a SNSK
|b KIS3GCP
|
| 999 |
|
|
|c 3229513
|d 3231443
|